| 000 | 00757nam a2200217 i 4500 | ||
|---|---|---|---|
| 001 | bgj | ||
| 100 | 1 | _aTOMALIN, Barry | |
| 245 | 0 |
_aCultureWatch / _cBarry Tomalin ; Susan Stempleski, series ed. |
|
| 260 |
_aEnglewood Cliffs : _bPrentice Hall Regents, _ccop. 1995. |
||
| 300 |
_aXII, 147 pp : _bphotos ; _c24 cm. |
||
| 490 | 1 | _aABC News Intermediate ESL Video Library / Series edited by Susan Stempleski | |
| 650 | 9 |
_aEnglish language _xForeign speakers |
|
| 700 | 1 |
_aSTEMPLESKI, Susan. _eeditor |
|
| 830 | 0 | _aABC News Intermediate ESL Video Library (Series edited by Susan Stempleski) | |
| 020 | _a0131376217 (pbk) | ||
| 040 | _cBPK | ||
| 041 | 0 | _aeng | |
| 920 | _a0-13-137621-7 (pbk) | ||
| 942 | _cKS | ||
| 008 | s uk f |000 0 eng | ||
| 999 |
_c50181 _d50181 |
||
| 856 |
_uhttp://koha.tu.koszalin.pl/cgi-bin/koha/opac-detail.pl?biblionumber=50181 _yKatalog online BPK |
||